000 01108cam a2200337 i 4500
001 17116090
003 EG-ScBUE
005 20230315095216.0
008 120111t2013 xxua fr 001 0 eng d
020 _a9781133776574 (pbk.)
020 _a1133776574
020 _a08203957657
040 _aDLC
_beng
_erda
_cDLC
_dDLC
_dEG-ScBUE
082 0 4 _222
_a794.81526
_bMCS
100 1 _aMcShaffry, Mike,
_eauthor.
_937405
245 1 0 _aGame coding complete /
_cMike "MrMike" McShaffry and David "Rez" Graham.
250 _aFourth edition.
264 1 _aBoston, United States :
_bCourse Technology, Cengage Learning,
_c[2013]
264 4 _cc2013
300 _axliii, 911 pages :
_billustrations ;
_c24 cm
336 _2rdacontent
_atext
_btxt
337 _2rdamedia
_aunmediated
_bn
338 _2rdacarrier
_avolume
_bnc
500 _aIncludes index.
650 7 _aComputer games
_xDesign.
_2BUEsh
_922485
650 7 _aComputer games
_xProgramming.
_2BUEsh
_912480
653 _bCOMSCI
_cFebruary2015
655 _vReading book
700 1 _aGraham, David,
_eauthor.
_937406
942 _2ddc
_k794.81526 MCS
_cBB
999 _c18977
_d18949